02265cam a22002537i 4500001001000000003000600010005001700016006001900033007001500052008004100067020001800108035002200126037003400148040005500182041000800237050001100245100003600256245012700292260004700419300005300466520143900519650002801958650002501986a48150050SIRSI20251029121633.0m o d cr |n|||||||||250612s2025 mau o 001 0 eng d a9780760392461 a(OCoLC)1523142720 a9780760392478bO'Reilly Media aYDXbengcYDXdOCLCOdORMDAdOCLCOdCLOUDdUtOrBLW aeng 4aNK1510 aSandler, Lyle H.d1960-eauthor10aUniversal principles of storytelling for designersb: 100 key concepts for bringing good ideas to lifec/ Lyle H. Sandler. aBeverly, MA :bRockport Publishers,c2025. a213 pages :billustrations, some color ;c26 cm. aUnlock the power of storytelling in design with Universal Principles of Storytelling for Designers. This essential reference offers a comprehensive exploration of storytelling techniques tailored specifically for designers. By integrating classic narrative elements—such as character, conflict, and resolution—into visual work, you can create more engaging and impactful projects. In Universal Principles of Storytelling for Designers, interdisciplinary designer, innovator, and anthropologist Lyle Sandler covers: Character Development: How to craft relatable and memorable personas in visual narratives. Plot Structure: Techniques for creating compelling arcs and engaging storylines. Emotional Resonance: Leveraging emotions to connect with the audience on a deeper level. Visual Storytelling: Utilizing design elements like color, typography, and composition to convey meaning and enhance the narrative. The book is rich with examples from various design disciplines, including graphic design, UX/UI, and illustration. Sandler’s expertise and accessible writing style make complex concepts easy to understand and apply. Universal Principles of Storytelling for Designers is not just another design book; it’s a guide to transforming your design work into unforgettable stories. By mastering these storytelling principles, you can create designs that not only look good but also resonate deeply with your audience. 0aCommunication in design 0aDesignvDictionaries